000 00294nam a22001337a 4500
008 171023b xxu||||| |||| 00| 0 eng d
020 _a9780130933874
041 _aeng
080 _24TH
_a338
100 _a54
101 _aMEN
245 _aQUALITY MANAGEMENT
_cGOETSCH,D.L
942 _2udc
_cBK
999 _c35405
_d35405